Responses for show #1957 - Tuesday, February 23, 1993

1993 Teen Tournament semifinal game 2.

Contestants

Mit Robertson, a senior from Tupelo, Mississippi

Carrie Pruett, a senior from Goochland, Virginia

Suj Vijayan, a senior from Laurel, Maryland

Jeopardy! Round responses

GEOGRAPHY
TELEVISION
FAMOUS SAILORS
COSMETICS
THE 1970s
OH NO! IT'S SPELLING
    $100 10
Lewis & Clark

Carrie
    $100 3
Beverly Hills 90210

Carrie
    $100 19
Sinbad

Suj
    $100 17
rouge (blush)

Mit
    $100 11
Thatcher

Carrie
    $100 16
T-A-N-G-E-R-I-N-E

Carrie
    $200 9
(Mit: What is St. James?)
(Suj: What's Windsor Castle?)

Buckingham Palace

SujCarrieMit
    $200 4
Major Dad

Carrie
    $200 20
Odysseus

Suj
    $200 27
your hair

Carrie
    $200 12
the Shah

Mit
    $200 18
(Suj: What is E-Y-R-E?)

A-U-S-T-E-N

SujCarrie
    $300 8
Israel

Mit
    $300 5
(Mit: What is Young Guns?)

The Young Riders

CarrieMit
    $300 21
Thor Heyerdahl

Suj
    $300 28
(Suj: What are the eyebrows?)

eyelids

SujCarrie
    $300 13
Kent State

Mit
    $300 24
P-A-R-L-I-A-M-E-N-T-A-R-Y

Mit
    $400 2
the Volga

Carrie
    $400 6
Golden Palace

Carrie
    $400 22
Ted Turner

Mit
    $400 29
animals

Suj
    $400 14
McGovern

Mit
    $400 25
(Paul) G-A-U-G-U-I-N

Mit
    $500 1
(Suj: What is Olympia?)

Tacoma

Suj
Triple Stumper
    $500 7
20/20

Suj
    $700 23
Melville

Mit
    $500 30
fingernails

Triple Stumper
    $500 15
Idi Amin

Mit
    $500 26
J-O-D-H-P-U-R-S

Triple Stumper

Scores at the first commercial break (after clue 15):

Suj Carrie Mit
-$200 $1,800 $1,200

Scores at the end of the Jeopardy! Round:

Suj Carrie Mit
$300 $2,600 $3,100

Double Jeopardy! Round responses

THE MIDDLE AGES
REALLY OLD SONGS
MONEY MATTERS
BIOLOGY
THE UNITED NATIONS
LITERARY POTPOURRI
    $200 6
coat of arms

Suj
    $200 30
"The Star-Spangled Banner"

Carrie
    $200 16
endorsement

Mit
    $200 19
the gills

Mit
    $200 1
the Security Council

Suj
    $200 11
the lion

Mit
    $400 7
the black death

Mit
    $400 29
"Old Folks At Home"

Suj
    $400 17
a bull

Mit
    $400 23
cells

Mit
    $400 2
Washington

Triple Stumper
    $400 12
Mowgli

Mit
    $600 8
chess

Suj
    $600 26
adieu

Mit
    $600 18
(Suj: What is the I.R.A.?)

the I.R.S.

SujCarrie
    $600 24
genes

Suj
    $600 3
Cyprus

Suj
    $600 13
The Old Curiosity Shop

Carrie
    $800 9
William

Carrie
    $800 27
Gilbert & Sullivan

Triple Stumper
    $800 20
inflation

Suj
    $800 21
sponges

Mit
    $800 4
the League of Nations

Mit
    $800 14
the Scarlet Letter

Suj
    $1000 10
Charlemagne

Carrie
    $500 28
the Civil War

Mit
    $1000 22
Trade

Mit
    $1000 25
46

Mit
    $1,000 5
(Boutros) Boutros-Ghali

Mit
    $1000 15
Stephen Hawking

Mit

Scores at the end of the Double Jeopardy! Round:

Suj Carrie Mit
$3,900 $5,800 $12,000
(lock game)

[wagering suggestions for these scores]

Final Jeopardy! Round responses

AMERICAN HISTORY
SujWhat is the Boston Massacre
$3,900
CarrieWhat was the Boston Massacre
$5,800
MitWhat is the Boston Massacre?
$0
the Boston Massacre

Final scores:

Suj Carrie Mit
$7,800 $11,600 $12,000
3rd place: $5,000 2nd place: $5,000 Finalist

Game dynamics:

Coryat scores:

Suj Carrie Mit
$3,900 $5,800 $12,300
13 R,
5 W
17 R,
0 W
25 R
(including 3 DDs),
2 W

Combined Coryat: $22,000

The J! Archive is created by fans, for fans. The Jeopardy! game show and all elements thereof, including but not limited to copyright and trademark thereto, are the property of Jeopardy Productions, Inc. and are protected under law. This website is not affiliated with, sponsored by, or operated by Jeopardy Productions, Inc. Join the discussion at JBoard.tv.